| 000 | 01378cam a22003254i 4500 | ||
|---|---|---|---|
| 003 | PE-LiUPU | ||
| 005 | 20251009105503.0 | ||
| 008 | 1811s2018 sp a rb 000 0 spa d | ||
| 020 | _a9788413013114 | ||
| 035 | _aPE-LiUPU000010 | ||
| 040 |
_aPE-LiUPU _bspa _cPE-LiUPU _erda |
||
| 082 | 0 | 4 |
_a150.198 _bA318m _223 |
| 100 |
_aAlameda Jackson, Elena, _eautora. _97094 |
||
| 245 | 1 | 0 |
_aManual de psicooncología / _cpor Elena Alameda Jackson. |
| 264 | 1 |
_aAlcalá la Real (Jaén) : _bFormación Alcalá, _cnoviembre de 2018. |
|
| 300 |
_a771 páginas : _bilustraciones ; _c24 cm. |
||
| 336 |
_atext _2rdacontent |
||
| 337 |
_aunmediated _2rdamedia |
||
| 338 |
_avolume _2rdacarrier |
||
| 504 | _aIncluye referencias bibliográficas. | ||
| 505 | 0 | _aAspectos generales de la psicooncología -- Intervención psicológica en oncología -- Atención psicológica al moribundo -- Impacto de la enfermedad más allá del paciente -- Anexos. | |
| 650 | 1 | 4 |
_aPsicooncología. _95615 |
| 650 | 2 | 4 |
_aPsicología clínica _91930 |
| 650 | 2 | 4 |
_aCuidados paliativos _xEnfermos de cáncer _96945 |
| 710 |
_aFormación Alcalá, _eeditor. _97095 |
||
| 856 | 4 | 0 |
_uhttps://www.faeditorial.es _zSitio web de la editorial. |
| 942 |
_2ddc _cBK |
||
| 980 |
_621515 _aROMINA COBOS Adquisiciones _818226 _gJaime Vilcazán Jefe de Análisis Documental |
||
| 999 |
_c63093 _d63092 |
||